Countries With the Most Large Cities - Statistics

General Stats
  • This quiz has been taken 475 times
    472 since last reset
  • The average score is 16 of 18
Answer Stats
# of cities Country % Correct
174 China
100%
74 United States
100%
93 India
99%
34 Brazil
97%
39 Russia
97%
10 France
95%
15 Germany
95%
22 Indonesia
94%
23 Japan
94%
27 Mexico
94%
49 Pakistan
89%
17 Nigeria
86%
10 United Kingdom
83%
15 Turkey
81%
12 Iran
80%
11 South Korea
77%
18 Philippines
73%
10 Ukraine
58%
No matching quizzes found
Score Distribution
Percent of People with Each Score
Percentile by Number Answered
Your Score History
You have not taken this quiz since the last reset